000
00338nam a2200157Ia 4500
003
RNL
008
090707b ii f a fnsan d
040
_a
RCL
100
_a
Padam, Piara Singh, ed.
_9
26128
245
_a
Shabadanjali
260
_a
Amritsar
260
_b
Singh Brothers
260
_c
2009
300
_a
200p.
942
_c
BK
999
_c
22726
_d
22726